000 00252nmm a2200085Ia 4500
008 220120s9999||||xx |||||||||||||||||und||
100 _aPCQ-MARCH-2009 (DVD)
_911107
245 0 _aPCQ linux 2009, web 2.0, media center, multimedia and publis
260 _c2009
999 _c139298
_d139298